000 00491nam a2200169 i 4500
001 141848
003 ES-MaACL
005 20230906200401.0
007 t|
008 070928s1969 sp |||| | spa d
100 1 _aViñas Calvo.
_9115377
245 1 0 _aEn Galicia, una vez...
_b: retratos, narraciones, humorismo /
_cViñas Calvo.
260 _a[Pontevedra :
_bFaro de Vigo],
_c1969.
300 _a94 p. ;
_c22 cm.
650 4 _aHumorismo gallego.
_9168697
852 _aES-MaACL
_jC-38895
999 _c141848
_d141848